[Event "LSS OP-2009-0-00879"]
[Site "LSS email"]
[Date "2009.06.18"]
[Round "?"]
[White "Raines, David T"]
[Black "Moreira Lopes, Jose Carlos"]
[Result "0-1"]
[WhiteElo "1168"]
[BlackElo "800"]
[PlyCount "46"]
[EventDate "2009.06.13"]
[EventType "tourn (corr)"]
[EventRounds "4"]
[EventCountry "GER"]
[SourceTitle "Corr 2011"]
[Source "ChessBase"]
[SourceDate "2010.08.31"]
[SourceVersion "1"]
[SourceVersionDate "2010.08.31"]
[SourceQuality "1"]

1. Nf3 Nf6 2. d4 c5 3. c3 g6 4. g3 Qc7 5. Bg2 Bg7 6. 0-0 0-0 7. Bf4 d6 8. Na3 Bg4 9. Nc2 cxd4 10. cxd4 Qb6 11. b3 Nd5 12. Bg5 Nc6 13. Be3 Rfc8 14. h3 Nxe3 15. fxe3 Bf5 16. Rc1 Qa5 17. Nh4 Bd7 18. a4 Rab8 19. Nf3 Be6 20. Na1 Bh6 21. Kf2 Nb4 22. g4 b6 23. Nd2 Qg5 0-1

[Event "LSS SN-2009-0-00161"]
[Site "LSS email"]
[Date "2009.06.15"]
[Round "?"]
[White "Heyboer, Peter J"]
[Black "Moreira Lopes, Jose Carlos"]
[Result "0-1"]
[WhiteElo "901"]
[BlackElo "800"]
[PlyCount "42"]
[EventDate "2009.06.02"]
[EventType "tourn (corr)"]
[EventRounds "6"]
[EventCountry "GER"]
[SourceTitle "Corr 2011"]
[Source "ChessBase"]
[SourceDate "2010.08.31"]
[SourceVersion "1"]
[SourceVersionDate "2010.08.31"]
[SourceQuality "1"]

1. e4 c6 2. d4 d5 3. Nc3 dxe4 4. Nxe4 Nf6 5. Nxf6+ gxf6 6. Bc4 Bf5 7. c3 e6 8. Ne2 Bd6 9. Bf4 Bxf4 10. Nxf4 Rg8 11. 0-0 Qd6 12. Qd2 Nd7 13. Rfe1 0-0-0 14. Rac1 Rg4 15. g3 Rdg8 16. Ng2 Be4 17. Bf1 Ne5 18. Be2 Nf3+ 19. Bxf3 Bxf3 20. Re3 Bxg2 21. Kxg2 h5 0-1

[Event "LSS ZN-2009-0-00619"]
[Site "LSS email"]
[Date "2009.05.24"]
[Round "?"]
[White "Lambert, Derek"]
[Black "Moreira Lopes, Jose Carlos"]
[Result "0-1"]
[WhiteElo "800"]
[BlackElo "800"]
[PlyCount "42"]
[EventDate "2009.05.22"]
[EventType "match (corr)"]
[EventRounds "2"]
[EventCountry "GER"]
[SourceTitle "Corr 2011"]
[Source "ChessBase"]
[SourceDate "2010.08.31"]
[SourceVersion "1"]
[SourceVersionDate "2010.08.31"]
[SourceQuality "1"]

1. d4 d5 2. f4 c5 3. c3 Nf6 4. e3 Bg4 5. Nf3 e6 6. b3 Nc6 7. Bd3 cxd4 8. exd4 Bd6 9. Be3 Qc7 10. g3 Ne4 11. Be2 Bh3 12. Bf1 Bxf1 13. Rxf1 Ne7 14. Qc2 Nf5 15. Bd2 b5 16. c4 bxc4 17. b4 0-0 18. a3 Qb6 19. Qb2 Be7 20. Ne5 Qxd4 21. Qxd4 Nxd4 0-1

[Event "LSS OP-2009-0-00855"]
[Site "LSS email"]
[Date "2009.05.24"]
[Round "?"]
[White "Stuart, Keith"]
[Black "Moreira Lopes, Jose Carlos"]
[Result "1-0"]
[WhiteElo "1265"]
[BlackElo "800"]
[PlyCount "55"]
[EventDate "2009.05.21"]
[EventType "tourn (corr)"]
[EventRounds "4"]
[EventCountry "GER"]
[SourceTitle "Corr 2011"]
[Source "ChessBase"]
[SourceDate "2010.08.31"]
[SourceVersion "1"]
[SourceVersionDate "2010.08.31"]
[SourceQuality "1"]

1. e4 c6 2. d4 d5 3. e5 Bf5 4. Nf3 e6 5. c3 c5 6. Bb5+ Nd7 7. 0-0 a6 8. Ba4 b5 9. Bb3 c4 10. Bc2 Bxc2 11. Qxc2 h6 12. b3 Nb6 13. Nbd2 Qc7 14. Rb1 Rc8 15. bxc4 Nxc4 16. a4 b4 17. cxb4 Nxe5 18. Qxc7 Nxf3+ 19. Nxf3 Rxc7 20. b5 axb5 21. Bf4 Rb7 22. Rxb5 Rxb5 23. axb5 Nf6 24. b6 Nd7 25. b7 f6 26. Rc1 Be7 27. Rc8+ Bd8 28. Nd2 1-0

[Event "LSS OP-2009-0-00832"]
[Site "LSS email"]
[Date "2009.05.05"]
[Round "?"]
[White "Moreira Lopes, Jose Carlos"]
[Black "Motz, Markus"]
[Result "1-0"]
[WhiteElo "800"]
[BlackElo "1289"]
[PlyCount "47"]
[EventDate "2009.04.29"]
[EventType "tourn (corr)"]
[EventRounds "4"]
[EventCountry "GER"]
[SourceTitle "Corr 2011"]
[Source "ChessBase"]
[SourceDate "2010.08.31"]
[SourceVersion "1"]
[SourceVersionDate "2010.08.31"]
[SourceQuality "1"]

1. e4 e6 2. d4 d5 3. Nc3 dxe4 4. Nxe4 Nf6 5. Bg5 Be7 6. Bxf6 Bxf6 7. Nf3 Nd7 8. Bd3 Be7 9. 0-0 Nf6 10. Ne5 Nxe4 11. Bxe4 0-0 12. Qd3 f5 13. Bf3 c6 14. Rfe1 Bf6 15. c3 Qc7 16. a4 Rd8 17. Qc4 Qe7 18. b4 Bxe5 19. Rxe5 Qf6 20. b5 cxb5 21. axb5 Rb8 22. Rxa7 b6 23. Re1 Rd7 24. Rxe6 1-0